000 00804nam a2200265Ia 4500
005 20220316235522.0
008 121119s1996 ck a gr 000 0 spa
020 _a958200102X
041 0 _aspa
082 0 4 _a793.73
_bC17D
100 1 _aCasas Alfonso, Esperanza
245 1 0 _aDivertidas matemáticas
_cEsperanza Casas Alfonso
250 _aPrimera edición
300 _a140 páginas
_bilustraciones
490 0 _aAula alegre
650 1 4 _aMatemáticas recreativas
_2LEMB
650 1 4 _aJuegos de azar
_2LEMB
650 1 4 _aJuegos de estrategia (Matemáticas)
_2LEMB
942 _2ddc
_cBK
264 _aBogotá
_bMagisterio
_c1996
336 _atexto
_btxt
_2rdacontent
337 _asin mediación
_bn
_2rdamedia
338 _avolumen
_bnc
_2rdacarrier
040 _aCO-BoRNBP
_bspa
_erda
_cCO-BoRNBP
999 _c1206
_d1206